| 000 | 00832 a2200229 4500 | ||
|---|---|---|---|
| 003 | Nust | ||
| 005 | 20170207154053.0 | ||
| 010 | _a 2009007663 | ||
| 020 | _a9780470510315 (PB) | ||
| 020 | _a9780470510322 (HB) | ||
| 040 | _cNust | ||
| 082 | 0 | 0 | _a621.36 |
| 100 | 1 | _aJian Guo Liu, Philippa J. Mason. | |
| 245 | 1 | 0 |
_aEssential image processing and GIS for remote sensing (E-Book) _cJian Guo Liu, Philippa J. Mason. |
| 260 |
_aChichester, West Sussex, UK ; _aHoboken, NJ : _bWiley-Blackwell, _c2009. |
||
| 300 |
_axvi, 443 p. : _bill. (some col.), maps ; _c26 cm. |
||
| 650 | 0 | _aGeographic information systems. | |
| 650 | 0 | _aImage processing. | |
| 650 | 0 | _aTelecommunications engineering - (E-BOOK) | |
| 651 | 0 |
_aEssential image processing and GIS for remote sensing (E-Book) _xSurface _xRemote sensing. |
|
| 700 | 1 | _aMason, Philippa J. | |
| 942 |
_2ddc _cBK |
||
| 999 |
_c193221 _d193221 |
||